000 00910nam a22002417a 4500
999 _c16479
_d16479
003 AR-CdUCM
008 190503b ||||| |||| 00| 0 spa d
040 _aMUNICIPALIDAD PROVINCIAL DEL CUSCO
_cBIBLIOTECA MUNICIPAL DEL CUSCO
082 _a370.4 /
_bL99
100 _aLuzuriaga, Lorenzo
_96575
245 _aLa educación de nuestro tiempo /
260 _aBuenos Aires :
_bLosada,
_c1957.
300 _a170 paginas ;
_bilustraciones, graficos, dibujos,
_c19 cm.
440 _aBibliotecadel maestro
_n26
_935948
500 _aLa educación en nuestro tiempos
505 _aContenido: Educación actual -- caracterologia -- la educacion para una sociedad -- educacion en el siglo XX -- educación y cultura -- educación y politica...
650 _aEducación
_9460
650 _aPolitica
_9291
650 _aCultura
_9126
650 _aInfancia
_95236
942 _2ddc
_cLIBROS
945 _apjha
_d2019-05-03